The coming global boom (Record no. 37773)

MARC details
000 -LEADER
fixed length control field 00626nam a2200181 a 4500
008 - FIXED-LENGTH DATA ELEMENTS--GENERAL INFORMATION
fixed length control field 120416s1990 ||||||||||||||||| || u
020 ## - INTERNATIONAL STANDARD BOOK NUMBER
International Standard Book Number 055335311X
050 ## - LIBRARY OF CONGRESS CALL NUMBER
Classification number HB 3730 Mor
100 ## - MAIN ENTRY--PERSONAL NAME
Personal name Morris, Charles R
245 14 - TITLE STATEMENT
Title The coming global boom
246 ## - VARYING FORM OF TITLE
Title proper/short title how to benefit now from tomorrow's dynamic world economy
260 ## - PUBLICATION, DISTRIBUTION, ETC.
Place of publication, distribution, etc. New York
Name of publisher, distributor, etc. Bantam Books
Date of publication, distribution, etc. 1990
300 ## - PHYSICAL DESCRIPTION
Extent xx, 267p. : ill.
350 ## - PRICE (NR) (BK AM CF MU VM SE) [OBSOLETE]
Price 0.00
650 ## - SUBJECT ADDED ENTRY--TOPICAL TERM
Topical term or geographic name entry element ECONOMIC BOOM
650 #0 - SUBJECT ADDED ENTRY--TOPICAL TERM
Topical term or geographic name entry element ECONOMICS
995 ## - RECOMMENDATION 995 [LOCAL, UNIMARC FRANCE]
-- 0.00
-- CBU-MAIN LIBRARY (Kitwe)
-- 1
-- 12.95
-- 1
-- AVAILABLE
-- Annex Low-Usage Collection
Holdings
Withdrawn status Lost status Source of classification or shelving scheme Damaged status Not for loan Home library Current library Shelving location Date acquired Total Checkouts Full call number Barcode Date last seen Price effective from Koha item type
          CBU-MAIN LIBRARY, KITWE. CBU-MAIN LIBRARY, KITWE.   11/30/2022   HB 3730 Mor 002619 11/30/2022 11/30/2022 MONOGRAPH